000
00334pab a2200145 454500
008
180718b2005 xxu||||| |||| 00| 0 eng d
100
_a
Mohan, N. Chandra
245
_a
Stepping up FDI into India
260
_c
2005
300
_a
p.13-22.
362
_a
Apr-Jun
650
_a
Foreign investment
773
_a
Margin
909
_a
67151
999
_c
67151
_d
67151